Chants d' amour et d' amour et d´ absence
Kaydedildi:
| Yazar: | |
|---|---|
| Materyal Türü: | Kitap |
| Dil: | Undetermined |
| Baskı/Yayın Bilgisi: |
Lausanne, Suiza
Editions Empreintes
1996
|
| Konular: | |
| Etiketler: |
Etiketle
Etiket eklenmemiş, İlk siz ekleyin!
|
MARC
| LEADER | 00000nam a2200000Ia 4500 | ||
|---|---|---|---|
| 008 | 170316s9999 xx 000 0 und d | ||
| 090 | |a 800-S B-2c | ||
| 100 | |a Bille, Corinna | ||
| 245 | |a Chants d' amour et d' amour et d´ absence | ||
| 260 | |a Lausanne, Suiza | ||
| 260 | |b Editions Empreintes | ||
| 260 | |c 1996 | ||
| 300 | |a 93 páginas | ||
| 650 | |a OTRAS LITERATURAS | ||
| 650 | |a LITERATURA SUIZA | ||
| 650 | |a EN IDIOMA FRANCÉS | ||
| 999 | |c 19974 |d 19974 | ||
| 040 | |a cru BVZT | ||
| 942 | |c 15 D |h 800-S B-2c |2 z | ||
